|
|
|
|
| LEADER |
00000nam0a2200000 4500 |
| 001 |
277837 |
| 005 |
20231101235044.0 |
| 035 |
|
|
|a (RuTPU)RU\TPU\book\301114
|
| 090 |
|
|
|a 277837
|
| 100 |
|
|
|a 20141206d1985 k y0rusy5003 ca
|
| 101 |
0 |
|
|a rus
|
| 102 |
|
|
|a KG
|
| 105 |
|
|
|a a z 001zy
|
| 200 |
1 |
|
|a Растительные микрофоссилии опорного разреза венда - нижнего кембрия Малого Каратау
|f Р. Н. Огурцова
|g Академия наук Киргизской ССР (АН КиргССР), Институт геологии
|
| 210 |
|
|
|a Фрунзе
|c Илим
|d 1985
|
| 215 |
|
|
|a 136 с.
|c ил.
|
| 320 |
|
|
|a Библиогр.: с. 104-124
|
| 606 |
1 |
|
|a Микрофоссилии растительные
|2 stltpush
|3 (RuTPU)RU\TPU\subj\43784
|9 63226
|
| 610 |
1 |
|
|a докембрий
|
| 610 |
1 |
|
|a кембрий
|
| 610 |
1 |
|
|a докембрийские отложения
|
| 610 |
1 |
|
|a кембрийские отложения
|
| 610 |
1 |
|
|a стратиграфия
|
| 610 |
1 |
|
|a Каратау
|
| 610 |
1 |
|
|a геологическое строение
|
| 675 |
|
|
|a 561
|z rus
|v 4
|
| 700 |
|
1 |
|a Огурцова
|b Р. Н.
|g Раиса Николаевна
|4 070
|
| 712 |
0 |
2 |
|a Академия наук Киргизской ССР (АН КиргССР)
|b Институт геологии
|2 stltpush
|3 (RuTPU)RU\TPU\col\11377
|
| 801 |
|
0 |
|a RU
|b RuMRKP
|c 19950704
|g psbo
|
| 801 |
|
1 |
|a RU
|b 63413507
|c 20141206
|
| 801 |
|
2 |
|a RU
|b 63413507
|c 20230206
|g RCR
|
| 942 |
|
|
|c BK
|